Κατάλογος Βιβλιοθηκών Mediterranean College

Developmental Psychology / A Student's Handbook (Record no. 3472)

MARC details
000 -LEADER
fixed length control field 01336cam a22002054a 4500
005 - ΗΜΕΡΟΜΗΝΙΑ ΚΑΙ ΩΡΑ ΤΕΛΕΥΤΑΙΑΣ ΕΝΗΜΕΡΩΣΗΣ
Πεδίο ελέγχου 20250605164116.0
008 - FIXED-LENGTH DATA ELEMENTS--GENERAL INFORMATION
Πεδίο ελέγχου σταθερού μήκους 250528s ||||||||||||||||||||||||d
035 ## - SYSTEM CONTROL NUMBER
System control number 18087
020 ## - ISBN
ISBN 1841691925
040 ## - ΠΗΓΗ ΚΑΤΑΛΟΓΟΓΡΑΦΗΣΗΣ
Φορέας πρωτότυπης καταλογογράφησης MC Athens Campus Library
Γλώσσα καταλογογράφησης Ελληνικά, Μοντέρνα (1453-)
Modifying agency MC Athens Campus Library
Κανόνες περιγραφικής καταλογογράφησης AACR2
245 1# - ΤΙΤΛΟΣ ΚΑΙ ΔΗΛΩΣΗ ΥΠΕΥΘΥΝΟΤΗΤΑΣ
Τίτλος Developmental Psychology / A Student's Handbook
260 ## - PUBLICATION, DISTRIBUTION, ETC.
Name of publisher, distributor, etc. Psychology Press, Ltd,
Date of publication, distribution, etc. 2002
300 ## - PHYSICAL DESCRIPTION
Extent 372
520 ## - SUMMARY, ETC.
Summary, etc. An up-to-date account of theory and research in the rapidly-changing field of child development. Preface, A Framework for Developmental Psychology, A Brief History of Developmental Psychology, Developmental Psychology in the 20th Century, Observing and Modelling Developmental Change, Early Development, Development from Conception to Birth, Cognitive Development in Infancy, Early Social Development, The Beginnings of Language Development, The Preschool Years, Language Development in the Preschool Years, Cognitive Development in the Preschool Years, Social Development in the Preschool Years, The School Years, Congitive Development in Middle Childhood, Learning to Read and Spell, Learning to Do Mathematics, Social Development in the School Years, Adolescence, References, Glossary, Author and Subject Index.
700 1# - ΠΡΟΣΘΕΤΗ ΑΝΑΓΡΑΦΗ--ΦΥΣΙΚΟ ΠΡΟΣΩΠΟ
Personal name Butterworth George
9 (RLIN) 4369
700 1# - ΠΡΟΣΘΕΤΗ ΑΝΑΓΡΑΦΗ--ΦΥΣΙΚΟ ΠΡΟΣΩΠΟ
Personal name Harris Margaret
9 (RLIN) 4370
942 ## - ADDED ENTRY ELEMENTS (KOHA)
Koha item type Books
Holdings
Τύπος τεκμηρίου Βιβλιοθήκη Τρέχουσα τοποθεσία Barcode Αριθμός εισαγωγής Ημερομηνία απόκτησης Ταξιθετικό σύμβολο Αριθμός αντιτύπου Κατάσταση απόσυρσης Κατάσταση χαμένου Κατάσταση κατεστραμμένου Μη δανεισμός Σύνολο δανεισμών Σύνολο ανανεώσεων Ημερομηνία τελευταίας εμφάνισης Χρονολογία τελευταίου δανεισμού Η τιμή ισχύει από
Books MC Athens Campus Library MC Athens Campus Library 9780000034717 2273 05/06/2025 155.4 HAR 1         1 2 03/03/2026 10/02/2026 05/06/2025

MC Athens Campus Library
Πατησίων 94 & Κοδριγκτώνος 13, 104 34
Πελλήνης 8 & Πατησίων 107, 112 51
Τ: +30 210 8899600

MC Thessaloniki Campus Library
Ίωνος Δραγούμη 21, 54625 | Ίωνος Δραγούμη 15, 54625
Τ: +30 2310 287779 – Τ: +30 2314 440300